00582nam a2200157Ia 4500008004100000041001200041100001500053245006600068260003800134300000900172650001400181700001700195942000700212999001700219952018800236221030s9999 xx 000 0 und d aEnglish aB. R. Puri 0aPrinciples of Physical Chemistrycby B. R. Puri, J. R. Sharma bShoban Lal NaginaNew Delhic1987 a1124 aChemistry aJ. R. Sharma cBK c15012d15012 pBE 13466g250.00l0eGifted by Mrs. Manju Hakhur2024-06-13 00:00:00w2022-10-30yBK003Print4070aMIETLIBbMIETLIBcBL-Academic Block B, FL-2, CUP-18, SH-2, R-2d2013-09-1110HBE